Statistiques concernant Pokémon les natures

Cliquez ici pour prendre le quiz!

Statistiques générales

  • Ce quiz a été pris 113 fois
  • Le résultat moyen est 12 sur 25

Statistiques - réponses

Réponse% Correct
Timide
80%
Rigide
68%
Jovial
65%
Modeste
62%
Calme
61%
Gentil
53%
Hardi
53%
Assuré
52%
Foufou
52%
Malin
47%
Brave
45%
Doux
45%
Mauvais
45%
Malpoli
42%
Naïf
42%
Pressé
42%
Sérieux
41%
Bizarre
38%
Solo
36%
Docile
35%
Lâche
35%
Prudent
35%
Pudique
33%
Relax
33%
Discret
30%

Distribution des résultats

Percentile par nombre de réponses

% des personnes avec chaque résultat

Votre développement - résultats

Vous n’avez pas pris ce quiz